Top 50 Movies of All Time - Statistics

General Stats
  • This quiz has been taken 35 times
  • The average score is 9 of 50
Answer Stats
Rank Movie Year Released % Correct
1 Avatar 2009
87%
3 Titanic 1997
81%
2 Avengers: Endgame 2019
58%
5 Avengers: Infinity War 2018
42%
48 The Dark Knight 2008
39%
24 The Lord of the Rings: The Return of the King 2003
35%
7 The Lion King 2019
32%
30 The Lion King 1994
32%
12 Black Panther 2018
29%
22 Captain America: Civil War 2016
29%
20 Iron Man 3 2013
29%
41 Jurassic Park 1993
29%
31 The Dark Knight Rises 2012
29%
35 Toy Story 3 2010
23%
11 Avengers: Age of Ultron 2015
19%
16 Frozen 2013
19%
13 Harry Potter and the Deathly Hallows, Part 2 2011
19%
33 Joker 2019
19%
6 Jurassic World 2015
19%
34 Toy Story 4 2019
19%
17 Beauty and the Beast 2017
16%
26 Captain Marvel 2019
16%
25 Spider-Man: Far from Home 2019
16%
43 Star Wars: Episode I - The Phantom Menace 1999
13%
38 Aladdin 2019
10%
23 Aquaman 2018
10%
42 Finding Dory 2016
10%
49 Harry Potter and the Deathly Hallows, Part 1 2010
10%
18 Incredibles 2 2018
10%
21 Minions 2015
10%
50 Despicable Me 2 2013
6%
10 Frozen II 2019
6%
15 Jurassic World: Fallen Kingdom 2018
6%
36 Pirates of the Caribbean: Dead Man's Chest 2006
6%
28 Skyfall 2012
6%
19 The Fate of the Furious 2017
6%
27 Transformers: Dark of the Moon 2011
6%
44 Alice in Wonderland 2010
3%
40 Despicable Me 3 2017
3%
9 Furious 7 2015
3%
47 Harry Potter and the Sorcerer's Stone 2001
3%
8 Marvel's The Avengers 2012
3%
39 Pirates of the Caribbean: On Stranger Tides 2011
3%
37 Rogue One: A Star Wars Story 2016
3%
14 Star Wars: Episode VIII - The Last Jedi 2017
3%
4 Star Wars: Episode VII - The Force Awakens 2015
3%
46 The Hobbit: An Unexpected Journey 2012
3%
29 Transformers: Age of Extinction 2014
3%
45 Zootopia 2016
3%
32 Star Wars: Episode IX - The Rise of Skywalker 2019
0%
No matching quizzes found
Score Distribution
Percent of People with Each Score
Percentile by Number Answered
Your Score History
You have not taken this quiz